Statystyki dla Polskie Miasta Gdzie Prostytuki Są Najdroższe

Kliknij tutaj aby rozwiązać quiz!

Ogólne statystyki

  • Ten quiz został rozwiązany 469 razy
  • Średni wynik to 7 z 10

Statystyki odpowiedzi

CenaMiasto% Poprawnych
277 PLNWarszawa
100%
270 PLNGdańsk
95%
233 PLNKraków
93%
232 PLNWrocław
92%
253 PLNPoznań
89%
225 PLNKatowice
77%
206 PLNBiałystok
69%
324 PLNSopot
58%
201 PLNKołobrzeg
22%
440 PLNMiędzyzdroje
8%

Rozkład punktacji

Percentyl według liczby udzielonych odpowiedzi

Procent ludzi z każdym wynikiem

Twoja historia wyników

Nie rozwiązałeś tego quizu